书目信息 |
| 题名: |
无机材料晶体结构学概论
|
|
| 作者: | 毛卫民 编著 | |
| 分册: | ||
| 出版信息: | 北京 高等教育出版社 2019 |
|
| 页数: | 351页 | |
| 开本: | 24cm | |
| 丛书名: | ||
| 单 册: | ||
| 中图分类: | TB321 | |
| 科图分类: | ||
| 主题词: | 无机材料--晶体结构 | |
| 电子资源: | ||
| ISBN: | 978-7-04-052999-9 | |
| 000 | 00999nam0 2200241 450 | |
| 001 | 2241313069 | |
| 005 | 20220930112848.32 | |
| 010 | @a978-7-04-052999-9@dCNY79.00 | |
| 100 | @a20200107d2019 em y0chiy50 ea | |
| 101 | 0 | @achi |
| 102 | @aCN@b110000 | |
| 105 | @aa z 001yy | |
| 200 | 1 | @a无机材料晶体结构学概论@9wu ji cai liao jing ti jie gou xue gai lun@dIntroduction to crystallology of inorganic materials@f毛卫民编著@zeng |
| 210 | @a北京@c高等教育出版社@d2019 | |
| 215 | @a351页@c图@d24cm | |
| 300 | @a材料科学与工程著作系列 | |
| 330 | @a本书介绍了无机材料中晶体结构的基本对称性、晶体缺陷、X射线衍射和背散射电子检测与分析原理。阐述了晶体对称特征,包括晶系、点阵、点群、简单的空间群知识,以及常见无机材料的晶体结构、晶体取向、多晶体织构的概念及其检测原理。 | |
| 510 | 1 | @aIntroduction to crystallology of inorganic materials@zeng |
| 606 | 0 | @a无机材料@x晶体结构 |
| 690 | @aTB321@v5 | |
| 701 | 0 | @a毛卫民@9mao wei min@4编著 |
| 801 | 0 | @aCN@b91MARC@c20200617 |
| 905 | @aZUCC@dTB321@e2 | |
| 无机材料晶体结构学概论=Introduction to crystallology of inorganic materials/毛卫民编著.-北京:高等教育出版社,2019 |
| 351页:图;24cm |
| 材料科学与工程著作系列 |
| ISBN 978-7-04-052999-9:CNY79.00 |
| 本书介绍了无机材料中晶体结构的基本对称性、晶体缺陷、X射线衍射和背散射电子检测与分析原理。阐述了晶体对称特征,包括晶系、点阵、点群、简单的空间群知识,以及常见无机材料的晶体结构、晶体取向、多晶体织构的概念及其检测原理。 |
| ● |
| 相关链接 |
|
|
|
正题名:无机材料晶体结构学概论
索取号:TB321/2
 
预约/预借
| 序号 | 登录号 | 条形码 | 馆藏地/架位号 | 状态 | 备注 |
| 1 | 2000908204 | 2000908204 | 第三书库/ [索取号:TB321/2] | 在馆 | |
| 2 | 2000908205 | 2000908205 | 第三书库/ [索取号:TB321/2] | 在馆 | |
| 3 | 2000908206 | 2000908206 | 第三书库/ [索取号:TB321/2] | 在馆 |